| 000 | 01546nam a2200349 c 4500 | ||
|---|---|---|---|
| 003 | BLK | ||
| 005 | 20180810102055.0 | ||
| 008 | 180408b bul|||||r ||||||| ||bul|| | ||
| 010 | _aKNG00059663000 | ||
| 020 |
_a954-321-171-Х _bиздат.: Изток-Запад |
||
| 040 | _aBLK | ||
| 041 |
_aBUL _cBUL |
||
| 080 |
_aПредмет, обхват и граници на социологията. Социологията като наука _b316.1 _x _z316.1 |
||
| 100 | 1 |
_aТодоров, Христо Юрданов _eпърви автор _9286360 |
|
| 700 | 1 |
_aФотев, Георги _eсъстав. и предг. от _9365831 |
|
| 139 |
_aТодоров, Христо Юрданов _bТ 64 |
||
| 245 | 1 | 0 |
_aКурс по обща социология _cХристо Юрданов Тодоров; състав. и предг. от Георги Фотев. |
| 257 | _aBGR | ||
| 260 |
_аСофия _bИзток-Запад _c2005 |
||
| 300 |
_a624 с. _c22 см |
||
| 380 | _a3 | ||
| 490 | 1 |
_aСоциологическо наследство _v4 |
|
| 500 | _aКор. загл. Обща социология. - 1. изд. 1945 на Унив. изд. в Университетска библиотека ; № 302. - Офс. изд. - Библиогр. след отд. ч. | ||
| 504 | _aслед отд. ч. | ||
| 650 | 4 |
_aСоциология _9171630 |
|
| 653 | _aсоциология | ||
| 852 | _aЦб 227717 | ||
| 856 | 4 |
_qpdf _u |
|
| 856 | 4 |
_qpdf _u |
|
| 942 |
_cKNG _n0 _01 |
||
| 944 |
_aCR _c30.05.2006 _kЛюдмила_Стоянова |
||
| 944 |
_aED _c10.05.2008 _k |
||
| 999 |
_c55691 _d55691 |
||